000 00306nam a22001457a 4500
020 _a81-291-0477-6
082 _a920
_bSAL/H
100 _aSALWI, M DILIP
245 _aHOMI J BHABHA
250 _a2004
260 _aNEW DELHI
_bRUPA
_c2004
300 _a68
650 _a BIOGRAPHY
_zNEW DELHI
942 _cBK
999 _c6403
_d6403